Harry Potter: le Sortilège Doloris - Statistiques

Statistiques générales
  • Ce quiz a été pris 86 fois
    76 depuis la dernière actualisation
  • Le résultat moyen est 10 sur 25
Statistiques - réponses
Information Réponses % Correct
Personne l'ayant subit Harry Potter
91%
Formule Endoloris
89%
Dernière apparition Harry Potter et les Reliques de la Mort
89%
Première apparition Harry Potter et la Coupe de Feu
87%
Personne l'ayant subit Alice Londubat
81%
Personne l'ayant subit Frank Londubat
81%
Personne l'ayant subit Hermione Granger
75%
Personne l'ayant subit Bellatrix Lestrange
74%
Effet Provoque une douleur intense
74%
"Groupe" auquel il appartient Sortilèges Impardonnables
60%
Personne l'ayant subit Neville Londubat
58%
Type de sort Malédiction
34%
Personne l'ayant subit Garrick Ollivander
19%
Personne l'ayant subit Peter Pettigrow
17%
Personne l'ayant subit Seamus Finnigan
17%
Personne l'ayant subit Amycus Carrow
15%
Personne l'ayant subit Cedric Diggory
15%
Personne l'ayant subit Abelforth Dumbledore
13%
Personne l'ayant subit Antonin Dolohov
11%
Personne l'ayant subit Andromeda Tonks
6%
Personne l'ayant subit Ted Tonks
6%
Personne l'ayant subit Scorpius Malefoy
4%
Personne l'ayant subit Thorfinn Rowle
4%
Personne l'ayant subit Bertha Jorkins
0%
Personne l'ayant subit Michael Corner
0%
Aucun quiz correspondant
Distribution des résultats
% des personnes avec chaque résultat
Percentile par nombre de réponses
Votre historique - résultats
Vous n’avez pas pris ce quiz depuis la dernière actualisation